|
|
|
|
| LEADER |
03185nam a22005895i 4500 |
| 001 |
978-0-306-48144-4 |
| 003 |
DE-He213 |
| 005 |
20151204154942.0 |
| 007 |
cr nn 008mamaa |
| 008 |
100301s2002 ne | s |||| 0|eng d |
| 020 |
|
|
|a 9780306481444
|9 978-0-306-48144-4
|
| 024 |
7 |
|
|a 10.1007/0-306-48144-8
|2 doi
|
| 040 |
|
|
|d GrThAP
|
| 050 |
|
4 |
|a QC793-793.5
|
| 050 |
|
4 |
|a QC174.45-174.52
|
| 072 |
|
7 |
|a PHQ
|2 bicssc
|
| 072 |
|
7 |
|a SCI051000
|2 bisacsh
|
| 082 |
0 |
4 |
|a 539.72
|2 23
|
| 245 |
1 |
0 |
|a Quantum Mechanics, Mathematics, Cognition and Action
|h [electronic resource] :
|b Proposals for a Formalized Epistemology /
|c edited by Mioara Mugur-Schächter, Alwyn van der Merwe.
|
| 264 |
|
1 |
|a Dordrecht :
|b Springer Netherlands,
|c 2002.
|
| 300 |
|
|
|a XVIII, 494 p.
|b online resource.
|
| 336 |
|
|
|a text
|b txt
|2 rdacontent
|
| 337 |
|
|
|a computer
|b c
|2 rdamedia
|
| 338 |
|
|
|a online resource
|b cr
|2 rdacarrier
|
| 347 |
|
|
|a text file
|b PDF
|2 rda
|
| 490 |
1 |
|
|a Fundamental Theories of Physics, An International Book Series on the Fundamental Theories of Physics: Their Clarification, Development and Application ;
|v 129
|
| 505 |
0 |
|
|a Remarks about the Program for a Formalized Epistemology -- Formalized Epistemology in a Philosophical Perspective -- Formalized Epistemology, Logic, and Grammar -- Epistemic Operations and Formalized Epistemology: Contribution to the Study of the Role of Epistemic Operations in Scientific Theories -- Mathematical Physics and Formalized Epistermology: Debate with Jean Petitot -- On the Possibility of a Formalized Epistemology -- Quantum Mechanics Versus a Method of Relativized Conceptualization -- Mathematical and Formalized Epistemologies -- Ago-Antagonistic Systems -- Complexity of the “Basic Unit” of Language: Some Parallels in Physics and Biology -- About the Emergence of Invariances in Physics: from “Substantial” Conservation to Formal Invariance -- Form and Actuality -- To Suspended Informal Time -- The Constructed Objectivity of Mathematics and the Cognitive Subject -- On Complexity.
|
| 650 |
|
0 |
|a Physics.
|
| 650 |
|
0 |
|a Computers.
|
| 650 |
|
0 |
|a Artificial intelligence.
|
| 650 |
|
0 |
|a System theory.
|
| 650 |
|
0 |
|a Mathematical logic.
|
| 650 |
|
0 |
|a Quantum physics.
|
| 650 |
|
0 |
|a Elementary particles (Physics).
|
| 650 |
|
0 |
|a Quantum field theory.
|
| 650 |
1 |
4 |
|a Physics.
|
| 650 |
2 |
4 |
|a Elementary Particles, Quantum Field Theory.
|
| 650 |
2 |
4 |
|a Quantum Physics.
|
| 650 |
2 |
4 |
|a Artificial Intelligence (incl. Robotics).
|
| 650 |
2 |
4 |
|a Mathematical Logic and Foundations.
|
| 650 |
2 |
4 |
|a Systems Theory, Control.
|
| 650 |
2 |
4 |
|a Theory of Computation.
|
| 700 |
1 |
|
|a Mugur-Schächter, Mioara.
|e editor.
|
| 700 |
1 |
|
|a Merwe, Alwyn van der.
|e editor.
|
| 710 |
2 |
|
|a SpringerLink (Online service)
|
| 773 |
0 |
|
|t Springer eBooks
|
| 776 |
0 |
8 |
|i Printed edition:
|z 9781402011207
|
| 830 |
|
0 |
|a Fundamental Theories of Physics, An International Book Series on the Fundamental Theories of Physics: Their Clarification, Development and Application ;
|v 129
|
| 856 |
4 |
0 |
|u http://dx.doi.org/10.1007/0-306-48144-8
|z Full Text via HEAL-Link
|
| 912 |
|
|
|a ZDB-2-PHA
|
| 912 |
|
|
|a ZDB-2-BAE
|
| 950 |
|
|
|a Physics and Astronomy (Springer-11651)
|